| 000 | 00733cam a22002413a 4500 | ||
|---|---|---|---|
| 001 | 16613 | ||
| 003 | PGUSA | ||
| 005 | 20140828083344.0 | ||
| 008 | 050828s2005||||xxu|||||s|||||000 | eng d | ||
| 040 |
_aPGUSA _beng |
||
| 042 | _adc | ||
| 050 | 4 | _aDK | |
| 100 | 1 |
_aSpargo, John, _d1876-1966 |
|
| 245 | 1 | 0 |
_aBolshevism : _bThe Enemy of Political and Industrial Democracy _h[electronic resource] / _cJohn Spargo |
| 260 |
_bProject Gutenberg, _c2005 |
||
| 506 | _aPublic domain in the USA. | ||
| 516 | _aElectronic text | ||
| 653 | _aCommunism -- Soviet Union | ||
| 653 | _aSoviet Union -- History -- Revolution, 1917-1921 | ||
| 830 | 0 |
_aProject Gutenberg _v16613 |
|
| 856 | 4 | 0 | _uhttp://www.gutenberg.org/ebooks/16613 |
| 942 | _cEB | ||
| 999 |
_c245868 _d245868 |
||